Statistics for Titles of K-Pop Songs Translated to Spanish

Click here to take the quiz!

General Stats

  • This quiz has been taken 27 times
  • The average score is 7 of 24

Answer Stats

SpanishEnglish% Correct
FiestaParty
86%
Sí o SíYes or Yes
76%
Jardín SecretoSecret Garden
57%
IslaIsland
52%
Vestido NegroBlack Dress
48%
Escenario de AmorLove Scenario
48%
Jugando con FuegoPlaying With Fire
43%
Nos GustaWe Like
38%
Chico EnamoradoBoy in Luv
33%
PaletaPalette
29%
Si Lo HacesIf You Do
24%
Algo NuevoSomething New
24%
Hola AltoHi High
19%
Estoy Bien, GraciasI'm Fine, Thank You
19%
Uvas ÁcidasSour Grapes
19%
Chico Muy MaloReally Bad Boy
14%
Ver MarSee Sea
14%
SobredosisOverdose
10%
Verano de SolSunny Summer
10%
No Nos EnamoremosLet's Not Fall in Love
5%
Chico TraviesoNaughty Boy
5%
Liberar a AlguienFree Somebody
0%
Noche en Vez de DíaNight Rather than Day
0%
Amor de PrimaveraSpring Rain
0%

Score Distribution

Percentile by Number Answered

Percent of People with Each Score

Your Score History

You have not taken this quiz